[Event "Chigorin Memorial 30th"]
[Site "St Petersburg"]
[Date "2023.10.21"]
[Round "1"]
[White "Afanasiev, Nikita"]
[Black "Chernov, Lev"]
[Result "1-0"]
[WhiteElo "2533"]
[BlackElo "1831"]
[PlyCount "158"]
[EventDate "2023.10.21"]
[EventType "swiss"]
[EventRounds "9"]
[EventCountry "RUS"]
[SourceTitle "Mega2024 Update 01"]
[Source "Chessbase"]
[SourceDate "2023.11.12"]
[SourceVersion "1"]
[SourceVersionDate "2023.11.12"]
[SourceQuality "1"]

1. Nf3 d5 2. g3 Nf6 3. Bg2 e6 4. 0-0 c6 5. d3 Bd6 6. Nc3 e5 7. Nd2 d4 8. Nce4 Nxe4 9. Nxe4 Be7 10. e3 0-0 11. Re1 Re8 12. Qh5 f5 13. Nd2 dxe3 14. Rxe3 Bc5 15. Re1 g6 16. Qd1 Nd7 17. Nc4 Nf6 18. Bg5 h6 19. Be3 Bxe3 20. Rxe3 Ng4 21. Re2 Be6 22. h3 Bxc4 23. hxg4 Bf7 24. gxf5 gxf5 25. Qd2 Qf6 26. Rae1 Bh5 27. Re3 f4 28. Re4 Qg7 29. Kh2 Bg6 30. Rb4 a5 31. Rc4 Bf7 32. Rc5 Qf6 33. Qe2 fxg3+ 34. fxg3 Rad8 35. Rxa5 b5 36. Rf1 Qe6 37. Ra7 Rf8 38. Bh3 Qg6 39. Bf5 Qh5+ 40. Qxh5 Bxh5 41. Kg2 Bf7 42. Bh7+ Kxh7 43. Raxf7+ Rxf7 44. Rxf7+ Kg6 45. Rc7 Rd6 46. Kf3 Kf5 47. g4+ Kg5 48. Rf7 Kg6 49. Rf5 Rd5 50. a3 Kg7 51. Ke3 Rd4 52. Kf3 Rd5 53. b4 Kg6 54. Rf8 Rd6 55. Rc8 Kg5 56. Kg3 Kg6 57. Re8 Kf6 58. Kh4 c5 59. Rf8+ Kg7 60. Rb8 c4 61. dxc4 bxc4 62. Rc8 Ra6 63. Rxc4 Rxa3 64. b5 Ra8 65. b6 Rb8 66. Rb4 Kf6 67. Kg3 Ke6 68. Kf3 Kd5 69. b7 Kc5 70. c3 Kd5 71. Ke2 Kc5 72. Kd3 Kd5 73. Rb5+ Kc6 74. c4 Kd7 75. Ke4 Kd6 76. Rb1 Kc5 77. Kxe5 Kxc4 78. Kd6 Kd4 79. Kc7 Kd5 1-0

[Event "St Petersburg Korchnoi Memorial op"]
[Site "St Petersburg"]
[Date "2023.08.24"]
[Round "9"]
[White "Chernov, Lev"]
[Black "Zeliantsova, Kseniya"]
[Result "1/2-1/2"]
[WhiteElo "1751"]
[BlackElo "2023"]
[PlyCount "164"]
[EventDate "2023.08.18"]
[EventType "swiss"]
[EventRounds "9"]
[EventCountry "RUS"]
[SourceTitle "EXT 2024"]
[Source "ChessBase"]
[SourceDate "2023.10.10"]
[SourceVersion "1"]
[SourceVersionDate "2023.10.10"]
[SourceQuality "1"]

1. e4 d6 2. d4 Nf6 3. Nc3 g6 4. f4 Bg7 5. Nf3 0-0 6. Bd3 Nc6 7. 0-0 e5 8. d5 Ne7 9. h3 c6 10. dxc6 bxc6 11. Qe1 exf4 12. Bxf4 Nh5 13. Be3 f5 14. Bg5 h6 15. Bxe7 Qxe7 16. exf5 Qxe1 17. Rfxe1 gxf5 18. Re7 Nf4 19. Bc4+ d5 20. Bb3 Rf7 21. Rxf7 Kxf7 22. Rf1 Ba6 23. Re1 Rg8 24. Nd1 Bf6 25. Ne3 Bxb2 26. Kh2 Bc3 27. Rb1 Kf6 28. g4 fxg4 29. Nxg4+ Ke6 30. Kg3 Ne2+ 31. Kf2 h5 32. Ne3 Rf8 33. Kg2 Nf4+ 34. Kg3 Nxh3 35. Ng2 Kd6 36. Ba4 Bc8 37. Rb8 Kc7 38. Rb1 Rg8+ 39. Kh2 Nf2 40. Bb3 Rf8 41. Ngh4 Bg4 42. Kg2 Ne4 43. Rf1 a5 44. Nh2 Rg8 45. Nxg4 Rxg4+ 46. Kh3 Ng5+ 47. Kh2 Rxh4+ 48. Kg3 Rg4+ 49. Kh2 a4 50. Rf5 axb3 51. axb3 Be5+ 52. Kh1 Kd6 53. c4 Ne4 54. c5+ Ke6 55. Rf8 h4 56. b4 h3 57. b5 h2 58. Re8+ Kf7 59. Rxe5 Nf2+ 60. Kxh2 cxb5 61. c6 Kf6 62. Rxd5 b4 63. c7 Rc4 64. Rd4 Rc2 65. c8Q Rxc8 66. Rxb4 Kf5 67. Kg3 Ne4+ 68. Kf3 Rc3+ 69. Ke2 Kf4 70. Rb8 Rc2+ 71. Kd3 Rd2+ 72. Kc4 Ke3 73. Rb3+ Kf4 74. Rb8 Nd6+ 75. Kc5 Ke5 76. Kc6 Rc2+ 77. Kd7 Kd5 78. Ra8 Ne4 79. Ra5+ Nc5+ 80. Ke7 Rf2 81. Ra1 Ne4 82. Ra5+ Nc5 1/2-1/2

[Event "St Petersburg Korchnoi Memorial op"]
[Site "St Petersburg"]
[Date "2023.08.23"]
[Round "8"]
[White "Rudovskii, Filipp"]
[Black "Chernov, Lev"]
[Result "1-0"]
[WhiteElo "2036"]
[BlackElo "1751"]
[PlyCount "86"]
[EventDate "2023.08.18"]
[EventType "swiss"]
[EventRounds "9"]
[EventCountry "RUS"]
[SourceTitle "EXT 2024"]
[Source "ChessBase"]
[SourceDate "2023.10.10"]
[SourceVersion "1"]
[SourceVersionDate "2023.10.10"]
[SourceQuality "1"]

1. e4 c5 2. Nc3 d6 3. d4 cxd4 4. Qxd4 Nc6 5. Qd2 Nf6 6. b3 e6 7. Bb2 a6 8. 0-0-0 b5 9. f3 h5 10. a4 b4 11. Nce2 e5 12. Kb1 Bb7 13. h4 Qb6 14. Ng3 g6 15. Nh3 Rd8 16. Bc4 Bg7 17. f4 Ng4 18. Bxf7+ Kxf7 19. Ng5+ Ke8 20. Qd5 Nh6 21. Ne6 Rd7 22. Nxg7+ Rxg7 23. Qxd6 Qc7 24. fxe5 Rf8 25. Qe6+ Qe7 26. Nxh5 gxh5 27. Qxh6 Rxg2 28. Rd6 Nd8 29. Rhd1 Nf7 30. Qxh5 Bxe4 31. R1d2 Bg6 32. Qf3 Rg1+ 33. Rd1 Nxd6 34. Qa8+ Kf7 35. Qf3+ Ke8 36. Qc6+ Kf7 37. Rxg1 Rg8 38. Rf1+ Nf5 39. h5 Bh7 40. Qxa6 Ke8 41. e6 Qc5 42. Qa8+ Ke7 43. Qb7+ Kxe6 1-0

[Event "St Petersburg Korchnoi Memorial op"]
[Site "St Petersburg"]
[Date "2023.08.20"]
[Round "4"]
[White "Solovyeva, Margarita"]
[Black "Chernov, Lev"]
[Result "0-1"]
[WhiteElo "1449"]
[BlackElo "1751"]
[PlyCount "82"]
[EventDate "2023.08.18"]
[EventType "swiss"]
[EventRounds "9"]
[EventCountry "RUS"]
[SourceTitle "EXT 2024"]
[Source "ChessBase"]
[SourceDate "2023.10.10"]
[SourceVersion "1"]
[SourceVersionDate "2023.10.10"]
[SourceQuality "1"]

1. d4 d5 2. c4 e6 3. Nf3 Nf6 4. g3 dxc4 5. Bg2 Bb4+ 6. Bd2 c5 7. dxc5 Bxc5 8. 0-0 0-0 9. Nc3 Nbd7 10. Bf4 Qe7 11. Na4 e5 12. Bg5 h6 13. Nxc5 Qxc5 14. Be3 Qe7 15. Qa4 Ng4 16. Bd2 Nb6 17. Qa5 Re8 18. Bb4 Qc7 19. h3 Nf6 20. Bc3 e4 21. Nd2 Qc6 22. Bxf6 Qxf6 23. Nxe4 Qxb2 24. Rab1 Qe5 25. Rb5 Qc7 26. Rc5 Qe7 27. e3 Be6 28. Rc1 Red8 29. Bf1 Qd7 30. Bg2 Bxh3 31. Nc3 Bxg2 32. Kxg2 Qe7 33. Re5 Qf6 34. Ne4 Qg6 35. Nd2 Rd7 36. Nxc4 Qc6+ 37. Kg1 Nxc4 38. Qb4 Rad8 39. e4 Rd1+ 40. Rxd1 Rxd1+ 41. Kg2 Nxe5 0-1

[Event "Chigorin Memorial 29th"]
[Site "St Petersburg"]
[Date "2022.10.29"]
[Round "8"]
[White "Chernov, Lev"]
[Black "Shevchenko, Alexander S"]
[Result "0-1"]
[WhiteElo "1698"]
[BlackElo "1505"]
[PlyCount "182"]
[EventDate "2022.10.22"]
[EventType "swiss"]
[EventRounds "9"]
[EventCountry "RUS"]
[SourceTitle "EXT 2024"]
[Source "ChessBase"]
[SourceDate "2023.10.10"]
[SourceVersion "1"]
[SourceVersionDate "2023.10.10"]
[SourceQuality "1"]

1. e4 e5 2. Nf3 Nc6 3. Bb5 a6 4. Ba4 Nf6 5. 0-0 b5 6. Bb3 Bc5 7. a4 Rb8 8. c3 d6 9. d4 Bb6 10. Qd3 0-0 11. axb5 axb5 12. Bg5 h6 13. Bxf6 Qxf6 14. Qxb5 Ne7 15. dxe5 Qf4 16. Qd3 dxe5 17. Nbd2 Ng6 18. Ne1 Bb7 19. g3 Qg4 20. Bd1 Qh3 21. Bf3 Rbd8 22. Qe2 Qe6 23. Bg2 Ra8 24. Nef3 Rfd8 25. Kh1 Qd7 26. Rfd1 Qc6 27. Ne1 Qc5 28. Nd3 Qb5 29. c4 Qd7 30. Rxa8 Bxa8 31. Nc1 Qd4 32. Ncb3 Qxf2 33. Qe1 Bc6 34. Qxf2 Bxf2 35. Rf1 Be3 36. Nb1 Rb8 37. Na5 Bd7 38. Nc3 Rxb2 39. Rd1 Bd4 40. Nb1 Ba4 41. Rf1 Ra2 42. Nb7 Bb3 43. c5 Ra7 44. c6 Ne7 45. Nd8 Ra8 46. Nb7 Nxc6 47. Nd2 Ba4 48. Nf3 Rb8 49. Nxd4 Nxd4 50. Nc5 Bc2 51. Ra1 f6 52. Bf1 Rb1 53. Rxb1 Bxb1 54. Bd3 Ba2 55. Kg2 Kf8 56. Kf2 Ke7 57. Ke3 Kd6 58. Na4 Bb3 59. Nb2 Kc5 60. Bf1 Kb4 61. Nd3+ Kc3 62. Nc5 Bf7 63. Bh3 Kc4 64. Nd3 Kb5 65. Nb2 c5 66. Bd7+ Kb6 67. Kd3 Ka5 68. Bc8 Kb4 69. Ba6 g5 70. Bc4 Bxc4+ 71. Nxc4 Nf3 72. Ne3 c4+ 73. Kc2 Nd4+ 74. Kc1 c3 75. Nc2+ Nxc2 76. Kxc2 Kc4 77. g4 Kd4 78. h3 Kxe4 79. Kxc3 Kf3 80. Kc4 e4 81. Kd5 e3 82. Ke6 e2 83. Kxf6 e1Q 84. Kf7 Qe5 85. Kf8 Qe6 86. Kg7 Kf4 87. h4 gxh4 88. g5 Kxg5 89. Kf8 Qd7 90. Kg8 Kg6 91. Kf8 Qf7# 0-1

[Event "Chigorin Memorial 29th"]
[Site "St Petersburg"]
[Date "2022.10.22"]
[Round "1"]
[White "Zhurova, Anna"]
[Black "Chernov, Lev"]
[Result "1-0"]
[WhiteElo "2269"]
[BlackElo "1698"]
[PlyCount "93"]
[EventDate "2022.10.22"]
[EventType "swiss"]
[EventRounds "9"]
[EventCountry "RUS"]
[SourceTitle "EXT 2024"]
[Source "ChessBase"]
[SourceDate "2023.10.10"]
[SourceVersion "1"]
[SourceVersionDate "2023.10.10"]
[SourceQuality "1"]

1. e4 c5 2. Nf3 d6 3. d4 cxd4 4. Nxd4 Nf6 5. Nc3 a6 6. Be3 e5 7. Nb3 Be6 8. Qd2 Be7 9. h3 h5 10. 0-0-0 Nbd7 11. Kb1 Rc8 12. g3 b5 13. Bg2 Nb6 14. Na5 Qc7 15. Bxb6 Qxb6 16. Nd5 Qb8 17. f4 Bd8 18. Nxf6+ gxf6 19. f5 Bd7 20. Nb3 Ke7 21. g4 hxg4 22. hxg4 Rg8 23. Bf3 Bc7 24. Rh7 Bc6 25. Rdh1 Qa8 26. Qd3 Rcd8 27. c4 Qb7 28. Qc2 b4 29. Rd1 a5 30. c5 d5 31. exd5 Bxd5 32. c6 Qb5 33. Bxd5 Rxd5 34. Rhh1 Rgd8 35. Rc1 Bb6 36. g5 a4 37. gxf6+ Kd6 38. c7 Rc8 39. Nd2 Bxc7 40. Ne4+ Kd7 41. Rh7 b3 42. Rxf7+ Ke8 43. Re7+ Kd8 44. Qg2 Qd3+ 45. Ka1 Qb1+ 46. Rxb1 bxa2 47. Qg8# 1-0

[Event "Chigorin Memorial 28th"]
[Site "St Petersburg"]
[Date "2021.10.30"]
[Round "8"]
[White "Chernov, Lev"]
[Black "Dodonov, Ivan"]
[Result "0-1"]
[WhiteElo "1252"]
[BlackElo "1597"]
[PlyCount "138"]
[EventDate "2021.10.23"]
[EventType "swiss"]
[EventRounds "9"]
[EventCountry "RUS"]
[SourceTitle "EXT 2023"]
[Source "ChessBase"]
[SourceDate "2022.10.05"]
[SourceVersion "1"]
[SourceVersionDate "2022.10.05"]
[SourceQuality "1"]

1. e4 c5 2. Nf3 Nc6 3. d4 cxd4 4. Nxd4 g6 5. Nc3 Bg7 6. Be3 Nf6 7. Bc4 0-0 8. Bb3 a5 9. a4 Ng4 10. Qxg4 Nxd4 11. Bxd4 Bxd4 12. Qd1 Bg7 13. 0-0 d6 14. Qe2 b6 15. Qe3 Ba6 16. Rfe1 Rc8 17. Rad1 Bxc3 18. bxc3 Qc7 19. Qd4 b5 20. Re3 Qc5 21. Qd2 bxa4 22. Bxa4 Qa3 23. Rh3 h5 24. Bd7 Rc5 25. Qh6 Bc8 26. Bxc8 Rfxc8 27. g4 Rxc3 28. Rdd3 Rxd3 29. cxd3 Qc1+ 30. Qxc1 Rxc1+ 31. Kg2 hxg4 32. Rg3 Rc3 33. Kf1 a4 34. Ke2 Rc2+ 35. Ke3 a3 36. Rg1 a2 37. Ra1 Kg7 38. d4 Kf6 39. d5 Ke5 40. Rg1 Rb2 41. Ra1 g5 42. f3 gxf3 43. Kxf3 Rxh2 44. Kg3 Rb2 45. Kf3 f6 46. Ke3 Rb3+ 47. Kd2 Ra3 48. Kc2 Kxe4 49. Kb2 Ra7 50. Re1+ Kxd5 51. Ka1 e5 52. Rf1 Ke6 53. Rd1 g4 54. Rg1 f5 55. Rh1 g3 56. Rh6+ Kd5 57. Rh1 f4 58. Rg1 Ke4 59. Re1+ Kf3 60. Rf1+ Kg2 61. Rd1 f3 62. Rxd6 f2 63. Rd2 Kg1 64. Rd1+ f1Q 65. Rxf1+ Kxf1 66. Kb2 a1Q+ 67. Kb3 Rc7 68. Kb4 Qb1+ 69. Ka5 Ra7# 0-1

[Event "Chigorin Memorial 28th"]
[Site "St Petersburg"]
[Date "2021.10.24"]
[Round "2"]
[White "Chernov, Lev"]
[Black "Leonova, Ameliya"]
[Result "0-1"]
[WhiteElo "1252"]
[BlackElo "1794"]
[PlyCount "88"]
[EventDate "2021.10.23"]
[EventType "swiss"]
[EventRounds "9"]
[EventCountry "RUS"]
[SourceTitle "EXT 2023"]
[Source "ChessBase"]
[SourceDate "2022.10.05"]
[SourceVersion "1"]
[SourceVersionDate "2022.10.05"]
[SourceQuality "1"]

1. e4 c5 2. Nf3 Nc6 3. d4 cxd4 4. Nxd4 g6 5. Nc3 Bg7 6. Be3 Nf6 7. Bc4 0-0 8. 0-0 Nxe4 9. Nxe4 d5 10. Nxc6 bxc6 11. Bd3 dxe4 12. Bxe4 Qc7 13. c3 Rb8 14. Qc2 Be6 15. Rfd1 h6 16. Qc1 Rb5 17. Bf4 Be5 18. Bg3 Bxg3 19. hxg3 Kh7 20. Bf3 c5 21. b3 Rfb8 22. c4 R5b6 23. Qe3 a5 24. Bd5 Rd8 25. Bxe6 Rxe6 26. Qf3 Rf6 27. Qe4 Rfd6 28. Qf3 Kg8 29. Kh2 Qd7 30. Rxd6 Qxd6 31. Qf4 Qd2 32. Qc7 Rd4 33. Qc8+ Kh7 34. Qxc5 Qxf2 35. Qxe7 Rd3 36. Qe1 Qc5 37. Qf1 Rd7 38. Qf3 Qa3 39. Qf1 Kg7 40. Qf2 a4 41. Rb1 Kh7 42. Qf3 Qxa2 43. Re1 Qxb3 44. Qf6 Qb8 0-1